000 00992nas a2200241 i 4500
001 182894
003 ES-MaACL
005 20251013211511.0
008 131204d18581883fr ar p 0 |fre d
022 _a2023-001X
245 0 0 _aAlmanach-manuel du magicien des salons, contenant l'explication de tous les nouveaux tours de magie blanche /
_cpar M. Delion... ; précédé d'une préface par Jules Rostaing.
260 _aParis :
_bDelarue,
_c[1858-1883?]
300 _a2 v. :
_bil. ;
_c14 cm.
650 4 _aIlusionismo.
_9143701
650 4 _aFísica recreativa.
_9153925
700 1 _aDelion, Jean-Baptiste,
_d1811-1866
_9153924
700 1 _aRostaing, Jules.
_999919
852 _aES-MaACL
_jT-646-F-3
_z- Anot. manuscrita: "Al Robert Houdin español Gustavo de..., un de ses admirateur tres devoués M. del..."
_z(1876)
852 1 _aBA
_j1608-F-2
_z- Legado M. de la Fuente
_z(1866)
866 0 _o1866, 1876.
942 _2udc
_cPERIODICA
999 _c182894
_d182894